[Event "Challenge"]
[Site "http://www.queenalice.com/game.php?id=1159587"]
[Date "2013.3.10"]
[Round "-"]
[White "SGF"]
[Black "lcchaves13"]
[Result "1-0"]
[WhiteElo "1612"]
[BlackElo "1670"]

1. e4 e5 2. Qf3 Nf6 3. Bc4 Nc6 4. d3 Nd4 5. Qd1 d5 6. exd5 Nxd5 7. c3 Nf5 8. d4
exd4 9. cxd4 Nb6 10. Qe2+ Be7 11. Bb5+ c6 12. Bd3 Nxd4 13. Qd1 Bb4+ 14. Nc3 Nd5
15. Bd2 Qe7+ 16. Nge2 Bg4 17. Nxd5 cxd5 18. Bxb4 Qxb4+ 19. Qd2 Qxd2+ 20. Kxd2
Nc6 21. Rae1 O-O-O 22. f3 Be6 23. Nf4 Nb4 24. Nxe6 fxe6 25. Rxe6 Nxa2 26. Ra1
Kd7 27. Bf5 g6 28. Rxg6+ Ke7 29. Re6+ Kf7 30. Rxa2 a6 31. Rb6 Rb8 32. Ra5 h6 33.
Rxd5 Rhg8 34. Be6+ Kg7 35. Rd7+ Kf6 36. Bxg8+ Ke5 37. Re6+ Kf5 38. Rd5+ Kf4 39.
Re4# 1-0

[Event "Challenge"]
[Site "http://www.queenalice.com/game.php?id=1159588"]
[Date "2013.3.10"]
[Round "-"]
[White "lcchaves13"]
[Black "SGF"]
[Result "0-1"]
[WhiteElo "1652"]
[BlackElo "1660"]

1. e4 e5 2. Bc4 Qh4 3. Qf3 Qf6 4. Qc3 Bc5 5. Nh3 d6 6. Na3 Bxh3 7. O-O Qg6 8.
Qxh3 Nd7 9. Nb5 Rc8 10. d3 a6 11. Nc3 b5 12. Bd5 Ndf6 13. Qxc8+ Ke7 14. Bc6 h5
15. Qxc7+ Ke6 16. Be3 Bxe3 17. fxe3 Ne7 18. Bd5+ Nfxd5 19. exd5+ Nxd5 20. Ne4
Nxc7 21. Rf3 h4 22. Raf1 h3 23. Rg3 hxg2 24. Rxg2 Qh6 25. Ng5+ Kd5 26. Nxf7
Qxe3+ 27. Rgf2 Rh4 28. Kg2 Ne6 29. c4+ Kd4 30. Nxd6 Qxd3 31. Nf5+ Kxc4 32. Nxh4
Nf4+ 33. Rxf4+ exf4 34. Rxf4+ Kd5 35. Rf5+ Ke4 36. Rg5 Qd2+ 37. Kg3 Qxg5+ 38.
Kh3 Kf4 39. Ng2+ Kf3 40. Nh4+ Kf4 41. Ng2+ Kf3 42. Nh4+ Ke4 43. b3 Qg1 44. a4 g5
45. Ng2 Kf3 46. Ne1+ Qxe1 47. axb5 Qh4# 0-1

[Event "AUTO-INT-2599"]
[Site "http://www.queenalice.com/game.php?id=1166874"]
[Date "2013.4.1"]
[Round "1"]
[White "Narizinho"]
[Black "lcchaves13"]
[Result "1-0"]
[WhiteElo "1247"]
[BlackElo "1562"]

1. Nf3 b6 2. Nc3 g6 3. e4 Bb7 4. Be2 Bg7 5. O-O e5 6. d3 d5 7. exd5 Nf6 8. Nxe5
Qd6 9. Nc4 c6 10. dxc6 Nxc6 11. Nxd6+ Kd7 12. Nxb7 Kc7 13. Bg5 Nd7 14. Bf4+ Kxb7
15. Bg4 Rad8 16. Bxd7 Rxd7 17. Ne2 Bxb2 18. Rb1 Ba3 19. c3 Ne7 20. Qa4 Bd6 21.
Bxd6 Rxd6 22. Rbd1 Nc6 23. d4 Re8 24. c4 Rxe2 25. d5 Ne5 26. Rde1 Rxe1 27. Rxe1
Nd3 28. Rd1 Nb2 29. Qc2 Nxd1 30. Qxd1 h5 31. g3 Ka6 32. Qa1 Rd7 33. f3 Ka5 34.
g4 h4 35. f4 Kb4 36. f5 Kxc4 37. fxg6 fxg6 38. g5 Rxd5 39. Qc1+ Kb4 40. Qb1+ Kc3
41. Qe1+ Rd2 42. Qxh4 Rxa2 43. Qh6 Kd2 44. Kg2 Ke3+ 45. Kg3 a5 46. Qxg6 b5 47.
Qb6+ Ke4 48. Qxb5 a4 49. Qc6+ Ke3 50. g6 Rf2 51. Qxa4 Rf3+ 52. Kg4 Kf2 53. g7
Kg2 54. g8=Q Rh3 55. Qd5+ Kxh2 56. Qd2+ 1-0

[Event "AUTO-INT-2599"]
[Site "http://www.queenalice.com/game.php?id=1166890"]
[Date "2013.4.1"]
[Round "1"]
[White "lcchaves13"]
[Black "kre"]
[Result "0-1"]
[WhiteElo "1628"]
[BlackElo "1647"]

1. e4 e5 2. Bc4 Nf6 3. Nf3 d5 4. Bb3 Be6 5. exd5 Bxd5 6. c4 Bxf3 7. Qxf3 Nc6 8.
Nc3 Nd4 9. Qg3 Qd6 10. Ba4+ c6 11. f3 O-O-O 12. Ne4 Nxe4 13. Qg4+ f5 14. Qh3 Nc5
15. Bd1 Nd3+ 16. Kf1 Qc5 17. b3 Nc2 18. Qg3 f4 19. Qg4+ Kb8 20. Bxc2 Qf2# 0-1

[Event "AUTO-INT-2599"]
[Site "http://www.queenalice.com/game.php?id=1166891"]
[Date "2013.4.1"]
[Round "1"]
[White "kre"]
[Black "lcchaves13"]
[Result "0-1"]
[WhiteElo "1665"]
[BlackElo "1619"]

1. e4 g6 2. f4 b6 3. Nf3 Bb7 4. Be2 Nf6 5. d3 d5 6. Bd2 dxe4 7. dxe4 Nxe4 8. Bd3
Nc5 9. O-O Bh6 10. Bc3 O-O 11. f5 g5 12. Bd2 f6 13. h3 Nxd3 14. cxd3 Qxd3 15.
Nc3 Qxf5 16. Kh1 Na6 17. Nxg5 Qc5 18. Ne6 Qc6 19. Nxf8 Qxg2# 0-1

[Event "AUTO-INT-2599"]
[Site "http://www.queenalice.com/game.php?id=1166892"]
[Date "2013.4.1"]
[Round "1"]
[White "lcchaves13"]
[Black "Tutankamon1"]
[Result "1/2-1/2"]
[WhiteElo "1555"]
[BlackElo "1738"]

1. b3 d5 2. g3 e5 3. Bb2 d4 4. Bg2 Nf6 5. Nf3 Nc6 6. c3 e4 7. Nxd4 Nxd4 8. cxd4
Be7 9. Nc3 Bf5 10. Nb5 a6 11. Na3 Bb4 12. Nc2 Bd6 13. Ne3 Bg6 14. d5 Bc5 15. d4
exd3 16. exd3 Bxe3 17. fxe3 Rb8 18. O-O O-O 19. Qd2 Nxd5 20. e4 Nb6 21. Qc3 f6
22. e5 Qxd3 23. Qxc7 Qe3+ 24. Rf2 Be4 25. Bc1 Qd4 26. Bb2 Qe3 27. a4 Bxg2 28.
Kxg2 Nd5 29. Qd6 Rfd8 30. Qe6+ Kh8 31. Qg4 Qxb3 32. Ra3 Qxa3 33. Bxa3 Ne3+ 34.
Kh3 Nxg4 35. Kxg4 fxe5 36. Bc1 Rd4+ 37. Kf5 e4 38. Ra2 Rf8+ 39. Ke5 Rc4 40. Be3
Rf3 41. Ra3 g6 42. Kd5 Rb4 43. a5 Rb5+ 44. Kxe4 Rff5 45. Bd4+ Kg8 46. g4 Rfd5
47. Rc3 Rxa5 48. Rc8+ Kf7 49. Rc7+ Kg8 50. Rg7+ Kf8 51. Rxh7 Rg5 52. h3 b5 53.
Rb7 Ra4 54. Rb6 Ra1 55. Rf6+ Ke7 56. Bxa1 a5 57. Kf4 Rd5 58. Rxg6 a4 59. Rg5 Rd1
60. Bb2 b4 61. Ra5 Rb1 62. g5 Rxb2 63. Rxa4 Kf7 64. Kf5 Rf2+ 65. Kg4 b3 66. Rb4
b2 67. g6+ Kxg6 68. h4 Re2 69. h5+ Kh6 70. Rb6+ Kg7 71. h6+ Kh7 72. Kg5 Rg2+ 73.
Kh5 Rh2+ 74. Kg5 Rg2+ 75. Kf4 Rf2+ 76. Ke3 Rh2 77. Kf3 Rc2 78. Kg4 Rg2+ 79. Kf3
Rh2 80. Kg3 Rc2 81. Kg4 Rg2+ 82. Kh5 Rh2+ 83. Kg5 Rg2+ 84. Kh5 1/2-1/2

[Event "AUTO-INT-2599"]
[Site "http://www.queenalice.com/game.php?id=1166893"]
[Date "2013.4.1"]
[Round "1"]
[White "Tutankamon1"]
[Black "lcchaves13"]
[Result "1-0"]
[WhiteElo "1761"]
[BlackElo "1565"]

1. e4 e5 2. Nf3 Nc6 3. Nc3 Nf6 4. Bc4 Bc5 5. Ng5 d5 6. exd5 Bb6 7. dxc6 Qd6 8.
Nxf7 Qc5 9. O-O O-O 10. Nxe5+ Kh8 11. Nd3 Qxc4 12. Ne5 Qc5 13. Nd3 Qd4 14. Ne2
Qd6 15. b3 bxc6 16. a4 a5 17. Bb2 Bb7 18. Ba3 c5 19. Nc3 Qc6 20. f3 Ng4 21. Kh1
Nf6 22. Ne5 Qd6 23. Nc4 Qc6 24. Nxb6 cxb6 25. d4 Rad8 26. Ne2 Nh5 27. c3 Rde8
28. b4 Re3 29. bxc5 Rfxf3 30. Rxf3 Rxf3 31. d5 Qh6 32. gxf3 Qe3 33. Nd4 Bxd5 34.
Qe1 Bxf3+ 35. Nxf3 Qxf3+ 36. Kg1 Qg4+ 37. Kf1 Qh3+ 38. Ke2 Qxh2+ 39. Kd1 Nf6 40.
Kc1 Qc7 41. Kb2 bxc5 42. Rb1 h5 43. c4 g5 44. Ka2 Qf7 45. Rc1 Qg6 46. Qc3 Kh7
47. Qc2 Ne4 48. Re1 Kh6 49. Qxe4 h4 50. Qe6 h3 51. Qxg6+ Kxg6 52. Bxc5 g4 53.
Bd6 Kh5 54. Bg3 Kg5 55. c5 h2 56. Bxh2 Kh4 57. Re3 Kg5 58. c6 Kf6 59. c7 Kg5 60.
c8=Q Kf6 61. Qf8+ Kg5 62. Re4 1-0

[Event "AUTO-OPEN-2956"]
[Site "http://www.queenalice.com/game.php?id=1166971"]
[Date "2013.4.1"]
[Round "1"]
[White "XaraX"]
[Black "lcchaves13"]
[Result "1-0"]
[WhiteElo "1971"]
[BlackElo "1600"]

1. d4 b6 2. c4 g6 3. e4 Nf6 4. Nc3 d6 5. Nf3 Nc6 6. Be2 d5 7. cxd5 Nb4 8. Qa4+
c6 9. Qxb4 e6 10. Qa4 Bd7 11. dxc6 Bxc6 12. Qxc6+ Nd7 13. Ne5 Ke7 14. Nxd7 Rc8
15. Bg5+ f6 16. Bxf6+ Kf7 17. Bxd8 Rxc6 18. Ne5+ Ke8 19. Nxc6 Kd7 20. Bb5 Bh6
21. d5 exd5 22. exd5 Re8+ 23. Ne2 Kd6 24. Bh4 Kc5 25. Ba4 Re4 26. Be7+ Kxd5 27.
Nxa7 Rxe7 28. Nb5 Bg7 29. Rd1+ Kc5 30. Nc3 Re5 31. O-O b5 32. Bxb5 Rh5 33. a4
Kb6 34. Rd6+ Ka5 35. Na2 Rxb5 36. axb5 Kxb5 37. Nec3+ Kc4 38. Rd7 Be5 39. Rxh7
Kb3 40. Rb7+ Kc2 41. Rc1+ Kd3 42. Rd7+ Kc4 43. Ne4+ Kb3 44. Ra7 Bxb2 45. Rc3+
Bxc3 46. Naxc3 Kc4 47. Rg7 Kd3 48. Rxg6 Kd4 49. Rg5 Kc4 50. Rb5 Kd3 51. h4 Kd4
52. h5 Kd3 53. h6 Kc4 54. h7 Kd4 55. h8=Q+ Kd3 56. Qd8+ Kc4 57. Qd5# 1-0

[Event "AUTO-OPEN-2956"]
[Site "http://www.queenalice.com/game.php?id=1166972"]
[Date "2013.4.1"]
[Round "1"]
[White "lcchaves13"]
[Black "XaraX"]
[Result "0-1"]
[WhiteElo "1647"]
[BlackElo "1958"]

1. e4 e5 2. Nf3 Nc6 3. Nc3 Nf6 4. d4 d6 5. Nb5 a6 6. Nc3 exd4 7. Nxd4 Nxd4 8.
Qxd4 Be7 9. Nd5 c5 10. Qd3 Nxd5 11. Qxd5 O-O 12. c3 Qb6 13. Bd3 g6 14. c4 Be6
15. Bh6 Bxd5 16. Bxf8 Qxb2 17. O-O Bxc4 18. Bxc4 Bxf8 19. Rfb1 Qd4 20. Rc1 Qxe4
21. f3 Qd4+ 22. Kf1 b5 23. Bb3 Bg7 24. Rd1 Qh4 25. h3 Bd4 26. Rxd4 Qxd4 27. Rd1
Qe5 28. Re1 Qg7 29. Bd5 Rd8 30. Bb7 a5 31. Rb1 b4 32. g4 Qc3 33. Re1 d5 34. Rd1
Qxf3+ 35. Ke1 Re8+ 36. Kd2 Re2+ 37. Kc1 Qa3+ 0-1

[Event "AUTO-OPEN-2956"]
[Site "http://www.queenalice.com/game.php?id=1166995"]
[Date "2013.4.1"]
[Round "1"]
[White "lcchaves13"]
[Black "MarTraM"]
[Result "1-0"]
[WhiteElo "1617"]
[BlackElo "2269"]

1. g3 g6 2. b3 Bg7 3. c3 Nf6 4. f4 O-O 5. e3 b6 6. Bg2 c6 7. b4 b5 8. d3 a5 9.
c4 bxc4 10. dxc4 axb4 11. Bd2 d6 12. Bxb4 Ng4 13. Bd2 Nd7 14. Bxc6 Ra6 15. Bf3
Bxa1 16. Bxg4 Rxa2 17. Nc3 Bxc3 18. Bxc3 Bb7 19. Qd4 f6 20. Nf3 Nc5 21. f5 gxf5
22. Bxf5 Bxf3 23. Qh4 Rf7 24. O-O Rg2+ 25. Kh1 Rf2+ 26. Kg1 Rxf1+ 27. Kxf1 d5
28. Qf4 Be4 29. Bg4 f5 30. Qe5 Bd3+ 31. Ke1 fxg4 32. Qh8# 1-0

[Event "AUTO-OPEN-2956"]
[Site "http://www.queenalice.com/game.php?id=1166996"]
[Date "2013.4.1"]
[Round "1"]
[White "MarTraM"]
[Black "lcchaves13"]
[Result "1-0"]
[WhiteElo "2244"]
[BlackElo "1627"]

1. d4 b6 2. c4 g6 3. e4 Bb7 4. Nc3 e6 5. Nf3 Na6 6. Bd3 Nb4 7. O-O d5 8. cxd5
exd5 9. exd5 Nf6 10. Bb5+ Nd7 11. Re1+ Be7 12. Bg5 f6 13. Bxf6 Kf7 14. Bxh8 Nf6
15. Bxf6 Bxf6 16. Re8 Qd6 17. Rxa8 Bxa8 18. a3 Nxd5 19. Qb3 Kg7 20. Bc4 Nxc3 21.
Qxc3 g5 22. Ne5 c6 23. Rd1 c5 24. Nf3 Bd8 25. Be2 Bc7 26. dxc5+ Qf6 27. Rd7+ Kg6
28. Qxf6+ Kxf6 29. Rxc7 h6 30. cxb6 axb6 31. Rc8 Bd5 32. Nd4 Ke5 33. Nb5 Kf5 34.
Rb8 Kg6 35. Rxb6+ Kg7 36. a4 Kh7 37. a5 Kg7 38. a6 h5 39. a7 h4 40. Nc7 Be4 41.
Bf3 1-0

[Event "AUTO-OPEN-2956"]
[Site "http://www.queenalice.com/game.php?id=1166997"]
[Date "2013.4.1"]
[Round "1"]
[White "lcchaves13"]
[Black "ratorei"]
[Result "0-1"]
[WhiteElo "1642"]
[BlackElo "1100"]

1. g3 d5 2. Bg2 e5 3. b3 Nf6 4. Bb2 Bd6 5. Nh3 c6 6. f4 exf4 7. gxf4 Nh5 8. e3
Qh4+ 9. Nf2 Nd7 10. Nc3 Ndf6 11. d4 Bf5 12. Qf3 Bg4 13. Nxd5 cxd5 14. Qxd5 Nxd5
15. Bxd5 O-O 16. Bxb7 Rae8 17. O-O Rxe3 18. Ne4 Re2 19. Nxd6 Qxh2# 0-1

[Event "AUTO-OPEN-2956"]
[Site "http://www.queenalice.com/game.php?id=1166998"]
[Date "2013.4.1"]
[Round "1"]
[White "ratorei"]
[Black "lcchaves13"]
[Result "1-0"]
[WhiteElo "1100"]
[BlackElo "1642"]

1. e4 e5 2. Nf3 d6 3. Bc4 Nf6 4. Ng5 d5 5. exd5 Nxd5 6. Nxf7 Kxf7 7. Qf3+ Ke6 8.
Nc3 c6 9. O-O b5 10. Bb3 Ke7 11. d4 Ke8 12. Nxd5 Qd6 13. Re1 Nd7 14. dxe5 Nxe5
15. Bf4 cxd5 16. Rxe5+ Kd8 17. Rxd5 Bb7 18. Rxd6+ Bxd6 19. Qxb7 Rb8 20. Qd5 Rb6
21. Rd1 Kc8 22. Bxd6 Kd7 23. Qf7+ 1-0

[Event "AUTO-ADV-2806"]
[Site "http://www.queenalice.com/game.php?id=1167031"]
[Date "2013.4.1"]
[Round "1"]
[White "marconilho"]
[Black "lcchaves13"]
[Result "1-0"]
[WhiteElo "1610"]
[BlackElo "1625"]

1. e4 e5 2. Bc4 Nf6 3. Nf3 d6 4. Ng5 d5 5. exd5 Nxd5 6. d3 h6 7. Nf3 Bd6 8. Bxd5
c6 9. Bb3 c5 10. a4 b6 11. Nc3 Nc6 12. Bd2 a5 13. Nd5 Ra6 14. h3 Be6 15. Qe2 Nd4
16. Nxd4 cxd4 17. Bc4 Ra7 18. g3 Qc8 19. Nxb6 Qc6 20. Bb5 Rc7 21. Bxc6+ Rxc6 22.
Bxa5 O-O 23. Qf3 Rxc2 24. Rb1 Ba2 25. Ra1 Rxb2 26. Nd7 Rd8 27. Bxd8 Bb4+ 28. Kf1
Bc3 29. Qg4 Kh8 30. Qh5 Rd2 31. Bf6 Be6 32. Qxh6+ 1-0

[Event "AUTO-ADV-2806"]
[Site "http://www.queenalice.com/game.php?id=1167032"]
[Date "2013.4.1"]
[Round "1"]
[White "lcchaves13"]
[Black "marconilho"]
[Result "0-1"]
[WhiteElo "1643"]
[BlackElo "1634"]

1. e4 e5 2. Bc4 Bc5 3. Qf3 Nf6 4. Nc3 Qe7 5. Nb5 Bb6 6. d3 a6 7. Nc3 Nc6 8. Nh3
h6 9. g4 d6 10. g5 Bg4 11. Qg3 hxg5 12. Nxg5 Nd4 13. O-O Be2 14. Be3 Bxf1 15.
Nd5 Ne2+ 16. Kxf1 Nxg3+ 17. fxg3 Nxd5 18. Bxd5 Rf8 19. Bd2 c6 20. Bc4 Qf6+ 21.
Kg2 Qf2+ 22. Kh3 Qe2 23. Bxf7+ Ke7 24. Be1 Rh8+ 0-1

[Event "AUTO-ADV-2806"]
[Site "http://www.queenalice.com/game.php?id=1167045"]
[Date "2013.4.1"]
[Round "1"]
[White "lcchaves13"]
[Black "sevenup"]
[Result "0-1"]
[WhiteElo "1637"]
[BlackElo "1821"]

1. e4 e6 2. Qf3 d5 3. b3 dxe4 4. Qxe4 Nf6 5. Qf3 Bd6 6. Nc3 Nc6 7. Nge2 O-O 8.
d4 Bb4 9. Bf4 Nxd4 10. Nxd4 Qxd4 11. Rd1 Qxc3+ 12. Qxc3 Bxc3+ 13. Bd2 Bxd2+ 14.
Rxd2 e5 15. Bc4 Bf5 16. O-O Rad8 17. Re2 Rfe8 18. f4 e4 19. Bb5 c6 20. Bc4 b5
21. Bxb5 cxb5 22. h3 Nh5 23. g4 Ng3 24. Ref2 Nxf1 25. Rxf1 Bc8 26. Re1 Rd2 27.
Rc1 e3 28. Kf1 Bb7 29. Ke1 Rh2 30. Rd1 Bf3 0-1

[Event "AUTO-ADV-2806"]
[Site "http://www.queenalice.com/game.php?id=1167046"]
[Date "2013.4.1"]
[Round "1"]
[White "sevenup"]
[Black "lcchaves13"]
[Result "1-0"]
[WhiteElo "1812"]
[BlackElo "1628"]

1. e4 b6 2. d4 Bb7 3. Bd3 g6 4. Nf3 Bg7 5. O-O Nc6 6. c3 Nf6 7. Be3 d5 8. e5 Ne4
9. Nbd2 f5 10. exf6 Bxf6 11. Nxe4 dxe4 12. Bxe4 Qd6 13. d5 Ne5 14. Nd4 Nc4 15.
Qa4+ Kf8 16. Qxc4 e5 17. dxe6 Bxe4 18. Nb5 Qe5 19. Rfe1 c6 20. Bh6+ Ke7 21. Rxe4
cxb5 22. Qc6 Qd6 23. Qb7+ Kd8 24. Qxa8+ Ke7 25. Qxa7+ Ke8 26. Qf7+ Kd8 27. Qxf6+
Kc7 28. Bf4 1-0

[Event "AUTO-ADV-2806"]
[Site "http://www.queenalice.com/game.php?id=1167047"]
[Date "2013.4.1"]
[Round "1"]
[White "lcchaves13"]
[Black "Ephystos"]
[Result "0-1"]
[WhiteElo "1533"]
[BlackElo "2022"]

1. e4 c5 2. Nc3 Nc6 3. Bc4 e6 4. f3 Nf6 5. f4 d5 6. Bd3 c4 7. Be2 d4 8. Nb1 Nxe4
9. Bf3 Qh4+ 10. g3 Nxg3 11. hxg3 Qxg3+ 12. Kf1 Qxf4 13. d3 Qc7 14. dxc4 e5 15.
Nd2 Bf5 16. Rh5 g6 17. Rg5 Bh6 18. Rg3 Bxd2 19. Bxd2 e4 20. Qe1 O-O-O 21. Be2 e3
22. Rd1 Bxc2 23. Bg4+ f5 24. Rc1 exd2 25. Qe6+ Kb8 26. Rxc2 Qxg3 27. Bf3 Rhe8
28. Rxd2 Rxe6 29. Rd1 Rde8 30. Be2 Rxe2 31. Nxe2 Qf3+ 32. Kg1 Rxe2 0-1

[Event "AUTO-ADV-2806"]
[Site "http://www.queenalice.com/game.php?id=1167048"]
[Date "2013.4.1"]
[Round "1"]
[White "Ephystos"]
[Black "lcchaves13"]
[Result "1-0"]
[WhiteElo "1970"]
[BlackElo "1557"]

1. e4 b6 2. d4 Nf6 3. Nc3 Nc6 4. d5 Ne5 5. f4 Ng6 6. e5 Ng8 7. Nf3 f6 8. f5 Nxe5
9. Nxe5 fxe5 10. Qh5+ g6 11. fxg6 Nf6 12. g7+ Nxh5 13. gxh8=Q Nf6 14. Bb5 a6 15.
Bh6 Kf7 16. Bc4 Kg6 17. Bxf8 b5 18. Qg7+ Kh5 19. h4 h6 20. Be2+ 1-0

[Event "AUTO-INT-2549"]
[Site "http://www.queenalice.com/game.php?id=1170030"]
[Date "2013.4.10"]
[Round "2"]
[White "ACamargo"]
[Black "lcchaves13"]
[Result "1-0"]
[WhiteElo "1953"]
[BlackElo "1606"]

1. d4 d5 2. c4 dxc4 3. Nc3 e6 4. e3 Nf6 5. Bxc4 Nc6 6. Nf3 Bb4 7. a3 Ba5 8. b4
Bb6 9. Qc2 e5 10. dxe5 Ng4 11. Nd5 Ngxe5 12. Nxe5 Nxe5 13. Nxb6 axb6 14. Bb3
Nd3+ 15. Ke2 Bf5 16. Qc3 O-O 17. Rd1 Re8 18. Rxd3 Bxd3+ 19. Qxd3 Qg5 20. Qd5
Qxd5 21. Bxd5 Ra7 22. Bb2 c6 23. Bb3 b5 24. Rd1 Kf8 25. f4 f6 26. g4 Re4 27. Kf3
Re7 28. Rd3 Ke8 29. h4 Ra8 30. g5 fxg5 31. hxg5 h6 32. gxh6 gxh6 33. e4 h5 34.
e5 h4 35. Kg4 Rh7 36. Kh3 Ke7 37. f5 Rf8 38. f6+ Ke8 39. e6 Rxf6 40. Bxf6 Re7
41. Bxe7 Kxe7 42. Rd7+ Ke8 43. Rxb7 Kd8 44. Kxh4 Ke8 45. Rc7 Kf8 46. Rxc6 Ke8
47. Rb6 Kd8 48. Rxb5 Kc8 49. Rd5 Kc7 50. e7 Kc6 51. e8=Q+ Kb6 52. Qe6+ 1-0

[Event "AUTO-INT-2549"]
[Site "http://www.queenalice.com/game.php?id=1170031"]
[Date "2013.4.10"]
[Round "2"]
[White "lcchaves13"]
[Black "ACamargo"]
[Result "0-1"]
[WhiteElo "1608"]
[BlackElo "1967"]

1. e4 e5 2. Bc4 Nf6 3. Nf3 d5 4. exd5 Nxd5 5. Nxe5 Be6 6. Qf3 c6 7. b4 Bxb4 8.
c3 Bd6 9. Nd3 O-O 10. Nb4 Nxb4 11. cxb4 Bxc4 12. Bb2 Re8+ 13. Kd1 Be2+ 14. Qxe2
Rxe2 15. Kxe2 Qe7+ 16. Kd1 Bxb4 17. Re1 Qd8 18. Re4 Bc5 19. Rg4 g6 20. f4 f5 21.
Rg5 Bd4 22. Nc3 Na6 23. Rc1 Bxc3 24. Bxc3 Qd3 25. Ke1 Re8+ 26. Kf2 Re2+ 27. Kf1
Rxd2+ 28. Kg1 Rd1+ 29. Rxd1 Qxd1+ 30. Kf2 Qc2+ 31. Kf1 Qxc3 32. Rg3 Qc1+ 33. Kf2
Qxf4+ 34. Ke1 Qc1+ 35. Kf2 Qc2+ 36. Kf1 Nc5 37. Re3 Ne4 38. Re2 Qc1+ 39. Re1
Qf4+ 40. Ke2 Qf2+ 41. Kd1 Qd2# 0-1

[Event "AUTO-INT-2549"]
[Site "http://www.queenalice.com/game.php?id=1170034"]
[Date "2013.4.10"]
[Round "2"]
[White "lcchaves13"]
[Black "murgu"]
[Result "0-1"]
[WhiteElo "1604"]
[BlackElo "2237"]

1. e4 c5 2. Bc4 Nc6 3. Qf3 Nf6 4. Nh3 d5 5. exd5 Nd4 6. Qd3 Bf5 7. Qf1 Nxc2+ 8.
Kd1 Nxa1 9. Na3 a6 10. Qe2 b5 11. Nxb5 axb5 12. Bxb5+ Bd7 13. Ba6 Nxd5 14. Qe5
Rxa6 15. Qxd5 Ba4+ 16. b3 Qxd5 17. bxa4 Qxa2 18. Ke2 Re6+ 19. Kf3 Qd5+ 20. Kg3
Rg6+ 21. Kf4 Qxg2 22. Rg1 Rg4+ 0-1

[Event "AUTO-INT-2549"]
[Site "http://www.queenalice.com/game.php?id=1170035"]
[Date "2013.4.10"]
[Round "2"]
[White "murgu"]
[Black "lcchaves13"]
[Result "1-0"]
[WhiteElo "2238"]
[BlackElo "1602"]

1. Nf3 Nf6 2. c4 Nc6 3. d4 d5 4. cxd5 Nxd5 5. e4 Nf6 6. d5 Nb4 7. Qa4+ Nd7 8.
Qxb4 e5 9. Qb3 Nc5 10. Qc2 Nxe4 11. Qxe4 f6 12. Nc3 Bd6 13. Nd4 c5 14. dxc6 Qc7
15. Nd5 Qa5+ 16. Bd2 Qd8 17. cxb7 Bxb7 18. Bb5+ Kf7 19. Bc4 Rc8 20. Nc7+ Ke7 21.
Qg4 g6 22. Qe6+ 1-0